[Event "Barcelona Segura Memorial 1st"]
[Site "Barcelona"]
[Date "2021.10.20"]
[Round "4"]
[White "Castillo Dalmau, Albert"]
[Black "Ayza Leon, David"]
[Result "1/2-1/2"]
[WhiteElo "2203"]
[BlackElo "2268"]
[PlyCount "128"]
[EventDate "2021.09.29"]
[EventType "swiss"]
[EventRounds "9"]
[EventCountry "ESP"]
[SourceTitle "EXT 2023"]
[Source "ChessBase"]
[SourceDate "2022.10.05"]
[SourceVersion "1"]
[SourceVersionDate "2022.10.05"]
[SourceQuality "1"]

1. Nf3 Nf6 2. b3 g6 3. Bb2 Bg7 4. g3 0-0 5. Bg2 d6 6. d4 b5 7. 0-0 Bb7 8. Qd3 a6 9. Nbd2 Nbd7 10. c4 bxc4 11. bxc4 Re8 12. e4 e5 13. d5 Nc5 14. Qe3 Rb8 15. Ba3 Nfd7 16. Rab1 f5 17. Ne1 Bf6 18. Nd3 Nxe4 19. Nxe4 fxe4 20. Bxe4 Nb6 21. Qc1 a5 22. c5 dxc5 23. Qxc5 Be7 24. Qxa5 Bxa3 25. Qxa3 Bxd5 26. Bxd5+ Qxd5 27. Nb4 Qf7 28. Rfc1 Nd5 29. Nxd5 Rxb1 30. Nf6+ Qxf6 31. Rxb1 e4 32. Qb3+ Kg7 33. Rc1 Re7 34. Rc3 h5 35. Qc2 Qe5 36. h4 Qd6 37. Rc6 Qe5 38. Rc5 Qd6 39. Qc3+ Kh7 40. Rc6 Qd1+ 41. Kg2 Qd7 42. Qf6 Rg7 43. Qe6 Qd3 44. Qb3 Qd7 45. Rc3 Rf7 46. Qc2 Qd5 47. Rc5 Qb7 48. Rc6 Re7 49. a4 Qa7 50. Qc5 Qxc5 51. Rxc5 e3 52. fxe3 Rxe3 53. Rxc7+ Kh6 54. a5 Ra3 55. Ra7 Rb3 56. a6 Ra3 57. Ra8 Kg7 58. Kf2 Kf6 59. Kg2 Kg7 60. Ra7+ Kf6 61. Kf2 Kf5 62. Rf7+ Ke6 63. Ra7 Kf5 64. Rf7+ Ke6 1/2-1/2

[Event "Laos op"]
[Site "Vientiane"]
[Date "2018.01.06"]
[Round "7"]
[White "Ayza Leon, David"]
[Black "Ferriol, Gerald"]
[Result "0-1"]
[WhiteElo "2177"]
[BlackElo "1932"]
[PlyCount "76"]
[EventDate "2018.01.03"]
[EventType "swiss"]
[EventRounds "9"]
[EventCountry "LAO"]
[SourceTitle "CBM 182 Extra"]
[Source "ChessBase"]
[SourceDate "2018.02.23"]
[SourceVersion "1"]
[SourceVersionDate "2018.02.23"]
[SourceQuality "1"]

1. e4 d5 2. exd5 Qxd5 3. Nc3 Qd6 4. d4 Nf6 5. Nf3 a6 6. g3 Bg4 7. Bg2 c6 8. 0-0 e6 9. a4 a5 10. Re1 Be7 11. Ne2 0-0 12. h3 Bf5 13. c3 h6 14. Bf4 Qd8 15. g4 Bh7 16. Ng3 Nbd7 17. Qc1 Nb6 18. Bxh6 gxh6 19. Qxh6 Re8 20. Qg5+ Kh8 21. Ne5 Rf8 22. Qh6 Nbd5 23. g5 Ng8 24. Qh5 Nf4 25. Nxf7+ Rxf7 26. Qxf7 Bxg5 27. Nh5 Nxh5 28. Qxh5 Qf6 29. Re5 Bf4 30. Rxa5 Rf8 31. Qf3 Qd8 32. Qh5 Nf6 33. Qh4 Qxa5 34. Qxf4 Qh5 35. Re1 Bf5 36. Qe5 Rf7 37. Re3 Qd1+ 38. Kh2 Qd2 0-1

[Event "Laos op"]
[Site "Vientiane"]
[Date "2018.01.05"]
[Round "4"]
[White "Ayza Leon, David"]
[Black "Nguyen, Thi Minh Oanh"]
[Result "1/2-1/2"]
[WhiteElo "2177"]
[BlackElo "1812"]
[PlyCount "82"]
[EventDate "2018.01.03"]
[EventType "swiss"]
[EventRounds "9"]
[EventCountry "LAO"]
[SourceTitle "CBM 182 Extra"]
[Source "ChessBase"]
[SourceDate "2018.02.23"]
[SourceVersion "1"]
[SourceVersionDate "2018.02.23"]
[SourceQuality "1"]

1. e4 e6 2. Nf3 b6 3. d4 Bb7 4. Bd3 Nf6 5. Qe2 Be7 6. 0-0 d6 7. Nbd2 c5 8. c3 Nc6 9. b3 0-0 10. Bb2 cxd4 11. cxd4 Nb4 12. Rfe1 Nxd3 13. Qxd3 Rc8 14. Nf1 Rc7 15. N3d2 Qa8 16. Ng3 Rfc8 17. f4 a5 18. Rac1 Ba6 19. Qb1 Rxc1 20. Rxc1 Rxc1+ 21. Qxc1 Qc8 22. Qxc8+ Bxc8 23. Nc4 Bb7 24. Nxb6 Nxe4 25. Nxe4 Bxe4 26. Nc4 a4 27. bxa4 Bd5 28. Nb6 Bxa2 29. a5 Bd8 30. Ba3 Bc7 31. Kf2 Kf8 32. Bxd6+ Bxd6 33. a6 Bb1 34. Ke3 f5 35. a7 Be4 36. a8Q+ Bxa8 37. Nxa8 g5 38. g3 h6 39. Nb6 Kg7 40. Nd7 gxf4+ 41. gxf4 Be7 1/2-1/2

[Event "Laos op"]
[Site "Vientiane"]
[Date "2018.01.04"]
[Round "2"]
[White "Ayza Leon, David"]
[Black "Chuersakul, Sarocha"]
[Result "1-0"]
[WhiteElo "2177"]
[BlackElo "1679"]
[PlyCount "57"]
[EventDate "2018.01.03"]
[EventType "swiss"]
[EventRounds "9"]
[EventCountry "LAO"]
[SourceTitle "CBM 182 Extra"]
[Source "ChessBase"]
[SourceDate "2018.02.23"]
[SourceVersion "1"]
[SourceVersionDate "2018.02.23"]
[SourceQuality "1"]

1. e4 e5 2. Nf3 Nc6 3. Bc4 Bc5 4. b4 Bxb4 5. c3 Ba5 6. d4 exd4 7. 0-0 Nge7 8. Ng5 Ne5 9. Bb3 h6 10. f4 d5 11. fxe5 hxg5 12. Bxg5 c6 13. exd5 cxd5 14. cxd4 Be6 15. Ba4+ Bd7 16. Qf3 Rf8 17. Bxe7 Kxe7 18. Bxd7 Kxd7 19. Qxd5+ Ke8 20. Qb5+ Qd7 21. Qxa5 Qxd4+ 22. Kh1 Qxa1 23. Qb5+ Ke7 24. Qxb7+ Ke6 25. Qa6+ Ke7 26. Qd6+ Ke8 27. e6 Rd8 28. exf7+ Rxf7 29. Re1+ 1-0

[Event "Barcelona Gotic op 1st"]
[Site "Barcelona"]
[Date "2017.06.20"]
[Round "9"]
[White "Ayza Leon, David"]
[Black "Gonzalez Martin, Fernando"]
[Result "1-0"]
[WhiteElo "2229"]
[BlackElo "1822"]
[PlyCount "61"]
[EventDate "2017.04.25"]
[EventType "swiss"]
[EventRounds "9"]
[EventCountry "ESP"]
[SourceTitle "EXT 2018"]
[Source "ChessBase"]
[SourceDate "2017.10.13"]
[SourceVersion "1"]
[SourceVersionDate "2017.10.13"]
[SourceQuality "1"]

1. e4 Nf6 2. e5 Nd5 3. d4 d6 4. c4 Nb6 5. exd6 cxd6 6. h3 g6 7. Nf3 Bg7 8. Nc3 0-0 9. Be3 Nc6 10. Rc1 Nd7 11. Bd3 Nf6 12. 0-0 Re8 13. Bb1 Bd7 14. a3 a6 15. b4 e5 16. d5 Ne7 17. Re1 Bf5 18. Ba2 Bd7 19. c5 Nf5 20. Bg5 Rc8 21. Ne4 dxc5 22. bxc5 h6 23. Bxf6 Bxf6 24. g4 Nd4 25. Nd6 Qc7 26. Nxe8 Rxe8 27. Nxd4 exd4 28. Rxe8+ Bxe8 29. Qf3 Kg7 30. d6 Qc8 31. Bd5 1-0

[Event "Barcelona Gotic op 1st"]
[Site "Barcelona"]
[Date "2017.05.09"]
[Round "3"]
[White "Ayza Leon, David"]
[Black "Gonzalez Lafita, Oscar"]
[Result "1-0"]
[WhiteElo "2229"]
[BlackElo "1867"]
[PlyCount "85"]
[EventDate "2017.04.25"]
[EventType "swiss"]
[EventRounds "9"]
[EventCountry "ESP"]
[SourceTitle "EXT 2018"]
[Source "ChessBase"]
[SourceDate "2017.10.13"]
[SourceVersion "1"]
[SourceVersionDate "2017.10.13"]
[SourceQuality "1"]

1. e4 e5 2. Nf3 Nc6 3. Bc4 Nf6 4. d3 Be7 5. c3 0-0 6. 0-0 d6 7. h3 Bd7 8. Bb3 Na5 9. Bc2 c5 10. Nbd2 Nc6 11. Re1 h6 12. Nf1 Re8 13. Ng3 Bf8 14. Be3 d5 15. Nh2 d4 16. Bd2 Bd6 17. Qc1 Ne7 18. f4 exf4 19. Bxf4 Bxf4 20. Qxf4 Ng6 21. Qf2 dxc3 22. bxc3 Qa5 23. Bb3 Ne5 24. Red1 c4 25. dxc4 Qxc3 26. Rac1 Qa5 27. Nf3 Bc6 28. c5 Qc7 29. Nd4 Nxe4 30. Nxe4 Bxe4 31. Nb5 Qe7 32. Nd6 Red8 33. Nxe4 Nd3 34. Rxd3 Rxd3 35. Nd6 Rf8 36. Re1 Qd7 37. Qe2 Rc3 38. Qe5 Rd3 39. Bc4 Rd2 40. Nf5 Rxg2+ 41. Kxg2 Qd2+ 42. Kf1 Qg5 43. Ne7+ 1-0

[Event "Barcelona Gotic op 1st"]
[Site "Barcelona"]
[Date "2017.04.25"]
[Round "1"]
[White "Vetrugno, Marco"]
[Black "Ayza Leon, David"]
[Result "0-1"]
[WhiteElo "1744"]
[BlackElo "2229"]
[PlyCount "58"]
[EventDate "2017.04.25"]
[EventType "swiss"]
[EventRounds "9"]
[EventCountry "ESP"]
[SourceTitle "EXT 2018"]
[Source "ChessBase"]
[SourceDate "2017.10.13"]
[SourceVersion "1"]
[SourceVersionDate "2017.10.13"]
[SourceQuality "1"]

1. e4 c5 2. Nf3 e6 3. Nc3 Nc6 4. d4 cxd4 5. Nxd4 Nf6 6. Be3 Bb4 7. f3 d5 8. Bb5 Bd7 9. Bxc6 Bxc6 10. e5 Nd7 11. f4 Qh4+ 12. g3 Qh3 13. Kf2 f6 14. Qf1 Qxf1+ 15. Rhxf1 fxe5 16. Nxe6 d4 17. Nc7+ Kf7 18. fxe5 dxe3+ 19. Kxe3+ Kg6 20. Nxa8 Rxa8 21. a3 Bc5+ 22. Kd2 Nxe5 23. b4 Rd8+ 24. Ke2 Bd4 25. Rad1 Rd7 26. b5 Bg2 27. Rf2 Bh3 28. Rf3 Bg4 29. Ne4 Bxf3+ 0-1

[Event "Catalunya-chT Gp1"]
[Site "Barcelona"]
[Date "2017.03.04"]
[Round "7.4"]
[White "Colon Garcia, Enrique"]
[Black "Ayza Leon, David"]
[Result "1-0"]
[WhiteElo "2329"]
[BlackElo "2204"]
[PlyCount "93"]
[EventDate "2017.01.21"]
[EventType "team-tourn"]
[EventRounds "7"]
[EventCountry "ESP"]
[SourceTitle "EXT 2018"]
[Source "ChessBase"]
[SourceDate "2017.10.13"]
[SourceVersion "1"]
[SourceVersionDate "2017.10.13"]
[SourceQuality "1"]
[WhiteTeam "Sant Andreu"]
[BlackTeam "Peona I Peo"]
[WhiteTeamCountry "ESP"]
[BlackTeamCountry "ESP"]

1. e4 c5 2. Nf3 Nc6 3. Bb5 g6 4. Bxc6 bxc6 5. 0-0 Bg7 6. Re1 Nf6 7. e5 Nd5 8. c4 Nc7 9. d4 cxd4 10. Qxd4 Ne6 11. Qh4 0-0 12. Nc3 f6 13. Ne4 g5 14. Qg3 Qe8 15. exf6 exf6 16. Bd2 Qg6 17. Bb4 Rd8 18. Rad1 Nf4 19. h4 h6 20. Be7 Re8 21. Nd6 Ba6 22. Nxe8 Rxe8 23. Rxd7 Bxc4 24. Kh2 Bxa2 25. Rxa7 Bd5 26. Bb4 Rxe1 27. Nxe1 Qe4 28. Bd2 Ne2 29. Qb8+ Bf8 30. Nf3 c5 31. Be3 Nd4 32. Bxd4 cxd4 33. Ra4 Qe2 34. Rxd4 Bxf3 35. Qb3+ Kg7 36. Rd7+ Kg6 37. Qxf3 Qe5+ 38. g3 gxh4 39. Qg4+ Qg5 40. Qxh4 Qf5 41. Qd4 Bc5 42. Qd3 Qxd3 43. Rxd3 Bxf2 44. b4 Kg5 45. Kg2 Bb6 46. b5 Kg4 47. Rd6 1-0

[Event "Barcelona Tres Peons op 19th"]
[Site "Barcelona"]
[Date "2017.02.01"]
[Round "4"]
[White "Serrano Pertinez, Miquel"]
[Black "Ayza Leon, David"]
[Result "0-1"]
[WhiteElo "2089"]
[BlackElo "2204"]
[PlyCount "100"]
[EventDate "2017.01.11"]
[EventType "swiss"]
[EventRounds "9"]
[EventCountry "ESP"]
[SourceTitle "EXT 2018"]
[Source "ChessBase"]
[SourceDate "2017.10.13"]
[SourceVersion "1"]
[SourceVersionDate "2017.10.13"]
[SourceQuality "1"]

1. b3 Nf6 2. Bb2 g6 3. Bxf6 exf6 4. c4 Bg7 5. Nc3 f5 6. Rc1 b6 7. e3 Bb7 8. Nge2 0-0 9. Nf4 d6 10. Be2 Nd7 11. Bf3 c6 12. d4 Qe7 13. 0-0 Nf6 14. Qc2 Rfe8 15. Rfd1 Ne4 16. g3 h5 17. Bg2 Rac8 18. Nxe4 fxe4 19. d5 c5 20. Qd2 Rb8 21. a3 Bc8 22. h3 h4 23. g4 Kh7 24. Kh1 f5 25. gxf5 Bxf5 26. Rg1 Bh6 27. Rce1 Qd7 28. Qc3 Bg7 29. Qc2 b5 30. Rb1 Kh6 31. cxb5 Rxb5 32. Qc4 Rb6 33. Ne6 Bxe6 34. dxe6 Qxe6 35. Rgd1 Qf5 36. Kg1 Re5 37. Qg8 d5 38. Qd8 Rf6 39. Rd2 g5 40. Qc7 Rg6 41. Rf1 g4 42. Kh2 Re8 43. Qf4+ Qxf4+ 44. exf4 g3+ 45. fxg3 hxg3+ 46. Kh1 e3 47. Rc2 d4 48. f5 Rd6 49. f6 Bxf6 50. Rxc5 e2 0-1

[Event "Catalunya-chT Gp1"]
[Site "Barcelona"]
[Date "2017.01.28"]
[Round "2.4"]
[White "Ayza Leon, David"]
[Black "Baches Garcia, Guillermo"]
[Result "1/2-1/2"]
[WhiteElo "2204"]
[BlackElo "2311"]
[PlyCount "30"]
[EventDate "2017.01.21"]
[EventType "team-tourn"]
[EventRounds "7"]
[EventCountry "ESP"]
[SourceTitle "CBM 176 Extra"]
[Source "ChessBase"]
[SourceDate "2017.03.02"]
[SourceVersion "1"]
[SourceVersionDate "2017.03.02"]
[SourceQuality "1"]
[WhiteTeam "Peona I Peo"]
[BlackTeam "Lleida"]
[WhiteTeamCountry "ESP"]
[BlackTeamCountry "ESP"]

1. e4 c5 2. Nf3 d6 3. d4 cxd4 4. Nxd4 Nf6 5. Nc3 Nc6 6. Bg5 e6 7. Qd2 h6 8. Bxf6 gxf6 9. f4 a6 10. 0-0-0 Qb6 11. Nde2 Bd7 12. Ng3 Qa5 13. Kb1 b5 14. Nh5 Be7 15. g4 0-0-0 1/2-1/2

[Event "Barcelona Sants op-A18th"]
[Site "Barcelona"]
[Date "2016.08.24"]
[Round "6"]
[White "Petrosyan, Tigran S"]
[Black "Ayza Leon, David"]
[Result "1-0"]
[WhiteElo "2462"]
[BlackElo "2215"]
[PlyCount "61"]
[EventDate "2016.08.19"]
[EventType "swiss"]
[EventRounds "10"]
[EventCountry "ESP"]
[SourceTitle "CBM 174 Extra"]
[Source "ChessBase"]
[SourceDate "2016.10.10"]
[SourceVersion "1"]
[SourceVersionDate "2016.10.10"]
[SourceQuality "1"]

1. Nf3 Nf6 2. c4 c5 3. Nc3 Nc6 4. d4 cxd4 5. Nxd4 g6 6. e4 d6 7. Be2 Bg7 8. Be3 0-0 9. 0-0 Nxd4 10. Bxd4 Bd7 11. Qd2 Bc6 12. f3 b6 13. Rac1 e5 14. Be3 Qd7 15. Rfd1 Ne8 16. b4 Rd8 17. a4 f5 18. a5 fxe4 19. Nxe4 Qe7 20. Nc3 bxa5 21. b5 Ba8 22. Nd5 Qf7 23. Qxa5 Rd7 24. Nb6 axb6 25. Qxa8 Ra7 26. Qd5 Rb7 27. Qc6 Qc7 28. Qxc7 Nxc7 29. Rxd6 Rf6 30. Rcd1 Ne8 31. Rd8 1-0

[Event "Barcelona Sants op-A18th"]
[Site "Barcelona"]
[Date "2016.08.23"]
[Round "5"]
[White "Ayza Leon, David"]
[Black "Gual Pascual, Antonio"]
[Result "1/2-1/2"]
[WhiteElo "2215"]
[BlackElo "2397"]
[PlyCount "126"]
[EventDate "2016.08.19"]
[EventType "swiss"]
[EventRounds "10"]
[EventCountry "ESP"]
[SourceTitle "CBM 174 Extra"]
[Source "ChessBase"]
[SourceDate "2016.10.10"]
[SourceVersion "1"]
[SourceVersionDate "2016.10.10"]
[SourceQuality "1"]

1. e4 g6 2. d4 Bg7 3. Nf3 d6 4. Bc4 Nf6 5. Qe2 0-0 6. e5 dxe5 7. dxe5 Nd5 8. h3 Be6 9. 0-0 Nd7 10. Rd1 c6 11. Bb3 Qc7 12. c4 N5b6 13. Bf4 Nc5 14. Qe3 Nbd7 15. Bc2 Qb6 16. b3 a5 17. a3 a4 18. b4 Nb3 19. c5 Qa7 20. Bxb3 axb3 21. Qc3 b6 22. Nd4 Bd5 23. cxb6 Qxb6 24. Nxb3 f6 25. Be3 Qa6 26. exf6 Bxf6 27. Bd4 e5 28. Be3 e4 29. Nd4 Ne5 30. Nd2 Nd3 31. N2b3 Qc8 32. Nc5 Ne5 33. Qc2 Nf3+ 34. gxf3 exf3 35. Kf1 Qxh3+ 36. Ke1 Rfe8 37. Qd3 Bg5 38. Kd2 Bxe3+ 39. fxe3 Qg2+ 40. Kc3 f2 41. a4 Re5 42. a5 Rae8 43. Nc2 Qg5 44. Qd4 Rxe3+ 45. Nxe3 Rxe3+ 46. Nd3 Re4 47. Qxf2 Rc4+ 48. Kb2 Qg4 49. a6 Rxb4+ 50. Nxb4 Qxb4+ 51. Kc2 Be4+ 52. Rd3 Qc4+ 53. Kb2 Qxd3 54. a7 Qb5+ 55. Kc3 Qd3+ 56. Kb2 Qb5+ 57. Kc1 Qc4+ 58. Kd1 Qb3+ 59. Kd2 Qd3+ 60. Ke1 Qc3+ 61. Ke2 Qxa1 62. Qb6 c5 63. Qd8+ Kg7 1/2-1/2

[Event "Catalunya-chT Gp2 final"]
[Site "Barcelona"]
[Date "2016.04.16"]
[Round "4.3"]
[White "Ayza Leon, David"]
[Black "Oms Fuentes, Lluis"]
[Result "0-1"]
[WhiteElo "2203"]
[BlackElo "2305"]
[PlyCount "50"]
[EventDate "2016.03.12"]
[EventType "team-tourn"]
[EventRounds "4"]
[EventCountry "ESP"]
[SourceTitle "EXT 2017"]
[Source "ChessBase"]
[SourceDate "2016.10.25"]
[SourceVersion "1"]
[SourceVersionDate "2016.10.25"]
[SourceQuality "1"]
[WhiteTeam "Peona I Peo"]
[BlackTeam "Barcelona Unio Graciencia"]
[WhiteTeamCountry "ESP"]
[BlackTeamCountry "ESP"]

1. e4 c5 2. Nf3 Nc6 3. d4 cxd4 4. Nxd4 Nf6 5. Nc3 d6 6. Bg5 e6 7. f4 Qb6 8. Bxf6 gxf6 9. Ndb5 a6 10. Nxd6+ Bxd6 11. Qxd6 Qxb2 12. Kd2 Qxa1 13. Qa3 Rb8 14. g3 b5 15. Bxb5 Qxh1 16. Bxc6+ Bd7 17. Qd6 Rd8 18. Nd5 exd5 19. e5 Qg2+ 20. Kc1 Qg1+ 21. Kd2 Qd4+ 22. Kc1 fxe5 23. fxe5 Rg8 24. Bxd5 Qe3+ 25. Kb2 Rg6 0-1

[Event "Barcelona Sant Marti op-A 17th"]
[Site "Barcelona"]
[Date "2015.07.20"]
[Round "8"]
[White "Ayza Leon, David"]
[Black "Erdogdu, Mert"]
[Result "0-1"]
[WhiteElo "2208"]
[BlackElo "2426"]
[PlyCount "104"]
[EventDate "2015.07.13"]
[EventType "swiss"]
[EventRounds "9"]
[EventCountry "ESP"]
[SourceTitle "CBM 167 Extra"]
[Source "ChessBase"]
[SourceDate "2015.09.14"]
[SourceVersion "1"]
[SourceVersionDate "2015.09.14"]
[SourceQuality "1"]

1. e4 e5 2. Nf3 Nc6 3. Bc4 Nf6 4. d3 Bc5 5. c3 0-0 6. Nbd2 a6 7. a4 Re8 8. 0-0 h6 9. b4 Ba7 10. Qb3 Qe7 11. Nh4 d6 12. Ng6 Qd7 13. a5 Nd8 14. Nf3 Kh7 15. Ngh4 c6 16. Qc2 d5 17. exd5 cxd5 18. d4+ e4 19. Ne5 Qe7 20. Bb3 Kg8 21. g3 Bh3 22. Re1 Rc8 23. Be3 Ne6 24. Qd2 Red8 25. Ng2 Ng4 26. f4 Nc7 27. Nxg4 Bxg4 28. Bf2 Be6 29. Ne3 f5 30. Rac1 Kh7 31. h3 g5 32. Ng2 Nb5 33. Be3 Rg8 34. Kh2 Bb8 35. Bd1 Rg7 36. Be2 Nd6 37. Rg1 Bd7 38. h4 gxh4 39. Nxh4 Rcg8 40. Rg2 Qxh4+ 41. gxh4 Rxg2+ 42. Kh1 Nc4 43. Bxc4 Rxd2 44. Bxd5 Rd3 45. Bxg8+ Kxg8 46. Rg1+ Kf7 47. Rg3 Rxc3 48. Kg2 Bd6 49. Kf2 Bxb4 50. h5 Rc2+ 51. Kg1 Bxa5 52. Rg6 Rc6 0-1

[Event "Barcelona Sant Marti op-A 17th"]
[Site "Barcelona"]
[Date "2015.07.19"]
[Round "7"]
[White "Narayanan, Srinath"]
[Black "Ayza Leon, David"]
[Result "1/2-1/2"]
[WhiteElo "2464"]
[BlackElo "2208"]
[PlyCount "120"]
[EventDate "2015.07.13"]
[EventType "swiss"]
[EventRounds "9"]
[EventCountry "ESP"]
[SourceTitle "CBM 167 Extra"]
[Source "ChessBase"]
[SourceDate "2015.09.14"]
[SourceVersion "1"]
[SourceVersionDate "2015.09.14"]
[SourceQuality "1"]

1. e4 e5 2. Nf3 Nc6 3. Bc4 Bc5 4. c3 Nf6 5. d3 0-0 6. Nbd2 d5 7. exd5 Nxd5 8. Ne4 Be7 9. 0-0 Bg4 10. h3 Bh5 11. Re1 f6 12. Ng3 Bf7 13. Nf5 Re8 14. Nxe7+ Ndxe7 15. Bxf7+ Kxf7 16. Qb3+ Qd5 17. Qxb7 Qxd3 18. Qb3+ Qd5 19. c4 Qe6 20. Qc3 Nf5 21. b4 Ncd4 22. Bb2 Rad8 23. b5 Nxf3+ 24. Qxf3 Nd4 25. Bxd4 Rxd4 26. c5 Rb8 27. a4 Qd5 28. Qh5+ Kg8 29. c6 g6 30. Qe2 Rd2 31. Qe3 Qd4 32. Qf3 Kg7 33. Rad1 Rd8 34. Rxd2 Qxd2 35. Rf1 Rd4 36. Qa3 Kf7 37. Qb3+ Rd5 38. h4 Qd3 39. Qb4 Qd4 40. Qa5 Qb6 41. Qc3 Qd4 42. Qh3 f5 43. h5 Kg7 44. h6+ Kf7 45. Qb3 Qd3 46. Rb1 Qxb3 47. Rxb3 Kf6 48. a5 Kg5 49. b6 axb6 50. axb6 cxb6 51. Rxb6 Rd1+ 52. Kh2 Rc1 53. Rb7 Kxh6 54. Re7 Rxc6 55. Rxe5 Kg5 56. Kg3 Rc3+ 57. f3 h5 58. Ra5 h4+ 59. Kh3 Rc1 60. Kh2 Rc4 1/2-1/2

[Event "Barcelona Sant Marti op-A 17th"]
[Site "Barcelona"]
[Date "2015.07.18"]
[Round "6"]
[White "Ayza Leon, David"]
[Black "Valdes Romero, Leonardo"]
[Result "1-0"]
[WhiteElo "2208"]
[BlackElo "2396"]
[PlyCount "97"]
[EventDate "2015.07.13"]
[EventType "swiss"]
[EventRounds "9"]
[EventCountry "ESP"]
[SourceTitle "CBM 167 Extra"]
[Source "ChessBase"]
[SourceDate "2015.09.14"]
[SourceVersion "1"]
[SourceVersionDate "2015.09.14"]
[SourceQuality "1"]

1. e4 d6 2. d4 Nf6 3. Nc3 e5 4. Nf3 Nbd7 5. Be2 Be7 6. 0-0 0-0 7. a4 c6 8. h3 b6 9. Be3 a6 10. Re1 Rb8 11. Nd2 exd4 12. Bxd4 c5 13. Be3 Bb7 14. f4 d5 15. exd5 Nxd5 16. Nxd5 Bxd5 17. Bxa6 Bh4 18. Rf1 Re8 19. Bf2 Bf6 20. c3 Nf8 21. Bb5 Re7 22. f5 Qc7 23. Qg4 Rd8 24. Rad1 Qb7 25. h4 h5 26. Qh3 Qc8 27. Nc4 Bxc4 28. Bxc4 Re4 29. b3 Rde8 30. Qf3 Qc7 31. Qxh5 Bxc3 32. Bg3 Qe7 33. f6 Bxf6 34. Bd6 Qa7 35. Rxf6 gxf6 36. Rd3 Kg7 37. Bxf8+ Kxf8 38. Qh8+ Ke7 39. Qh7 Kf8 40. Rg3 R8e6 41. Bxe6 Re1+ 42. Kf2 Rxe6 43. Rg8+ Ke7 44. Rg7 Qa6 45. Rxf7+ Kd6 46. Rd7+ Kc6 47. Rc7+ Kd6 48. Qd7+ Ke5 49. Ra7 1-0

[Event "Barcelona Sant Marti op-A 17th"]
[Site "Barcelona"]
[Date "2015.07.14"]
[Round "2"]
[White "Ayza Leon, David"]
[Black "Boixader Arbo, Xavier"]
[Result "1-0"]
[WhiteElo "2208"]
[BlackElo "1755"]
[PlyCount "185"]
[EventDate "2015.07.13"]
[EventType "swiss"]
[EventRounds "9"]
[EventCountry "ESP"]
[SourceTitle "CBM 167 Extra"]
[Source "ChessBase"]
[SourceDate "2015.09.14"]
[SourceVersion "1"]
[SourceVersionDate "2015.09.14"]
[SourceQuality "1"]

1. e4 c5 2. Nf3 Nc6 3. d4 cxd4 4. Nxd4 Nf6 5. Nc3 e5 6. Ndb5 d6 7. Bg5 a6 8. Na3 b5 9. Nd5 Qa5+ 10. Bd2 Qd8 11. Nxf6+ Qxf6 12. c4 Qg6 13. f3 Be7 14. g3 b4 15. Nc2 a5 16. Bg2 0-0 17. 0-0 Be6 18. b3 f5 19. Qe2 f4 20. Be1 h5 21. Bf2 Bf6 22. Rfd1 Rfd8 23. a3 bxa3 24. Rxa3 Rab8 25. Be1 Rd7 26. Kh1 Qf7 27. Rd3 Bd8 28. Qd1 Bc7 29. Ra4 g5 30. Na3 Nd4 31. Bf2 Bb6 32. Bxd4 Bxd4 33. Nb5 Rxb5 34. cxb5 Bf2 35. gxf4 Qxf4 36. Qd2 Bb6 37. Qxf4 gxf4 38. Rc3 Rb7 39. Bf1 Rg7 40. Bg2 Bd7 41. Rac4 Bxb5 42. Rc8+ Kh7 43. h3 Bd7 44. Rb8 Bc5 45. Rb7 Bc6 46. Rxg7+ Kxg7 47. Bf1 Kf6 48. Bc4 a4 49. bxa4 Bxa4 50. Rc1 Bd7 51. Kh2 Be6 52. Bb5 Bf7 53. Rc2 Ke7 54. Rg2 Kf6 55. Bc6 Be3 56. h4 Bd4 57. Bd5 Bg6 58. Ra2 Bc5 59. Ra8 Bf2 60. Kh3 Bc5 61. Rc8 Bd4 62. Kg2 Be3 63. Bc6 Ke7 64. Rh8 Bc5 65. Rh6 Bf7 66. Bd5 Be8 67. Kf1 Kf8 68. Rh7 Bg6 69. Rb7 Ba3 70. Ke2 Bc5 71. Be6 Ba3 72. Kd3 Bc5 73. Kc4 Be8 74. Rh7 Bg6 75. Rc7 Bf2 76. Kd5 Bxh4 77. Kxd6 Bf6 78. Bh3 Bf7 79. Rc8+ Kg7 80. Rc5 Kg6 81. Be6 Be8 82. Rc8 Ba4 83. Rg8+ Kh7 84. Rg1 h4 85. Bf5+ Kh8 86. Ke6 Bg7 87. Rh1 Bb3+ 88. Ke7 Kg8 89. Be6+ Bxe6 90. Kxe6 Kh7 91. Rxh4+ Kg6 92. Rg4+ Kh6 93. Kf7 1-0